000 01754nam a2200481 i 4500
001 6966
003 KOSZ 005
005 20240223062757.0
008 220216s1996 pl a f 001 0 pol d
020 _a8371470134
040 _cKOSZ 005
_aKOSZ 005
_dKOSZ 005/AR
_dKOSZ 005/RW
041 1 _apl
_heng
046 _k1995
080 _a004.438
080 _a004.4'42
080 _a(07)
100 1 _aFaison, Ted
_eAutor
245 1 0 _aBorland C++ 4.5 :
_bprogramowanie obiektowe /
_cTed Faison ; [opracowanie wersji polskiej Ewa Hałada].
246 _iTytuł oryginału:
_aBorland C++ 4.5 :
_bobject-oriented programming
260 _aWarszawa :
_b"Read Me",
_c1996.
300 _a989 stron :
_bilustracje ;
_c24 cm +
_edyskietka 3,5.
336 _aTekst
_btxt
_2rdacontent
337 _aBez urządzenia pośredniczącego
_bn
_2rdamedia
338 _aWolumin
_bnc
_2rdacarrier
380 _aKsiążki
380 _aPublikacjje dydaktyczne
380 _aPublikacje naukowe
388 1 _a1901-2000
388 1 _a1989-2000
490 1 _aSztuka Programowania
500 _aTytuł oryginału: "Borland C++ 4.5 object-oriented programming" 1995.
504 _aBibliografia na stronach 937-939. Indeks.
650 7 _aC++ (język programowania)
650 7 _aJęzyki programowania
650 7 _aProgramowanie obiektowe
655 7 _aPodręcznik
658 _aInformatyka i technologie informacyjne
700 1 _aHadała, Ewa
_eOpracowanie
710 _aOficyna Wydawnicza "Read Me", Włodzimierz Bińczyk
_4pbl
830 0 _aSztuka Programowania
856 _uhttp://koha.tu.koszalin.pl/cgi-bin/koha/opac-detail.pl?biblionumber=6966
_yKatalog online BPK
942 _2UKD
_cKS
999 _c6966
_d6966